[Event "Liptovsky Mikulas CupT U20"]
[Site "Liptovsky Mikulas"]
[Date "2016.06.24"]
[Round "6.3"]
[White "Bielik, Jakub"]
[Black "Zakharikov, Ivan"]
[Result "0-1"]
[WhiteElo "1715"]
[BlackElo "1982"]
[PlyCount "52"]
[EventDate "2016.06.21"]
[EventType "team-swiss"]
[EventRounds "8"]
[EventCountry "SVK"]
[SourceTitle "CBM 173 Extra"]
[Source "ChessBase"]
[SourceDate "2016.08.29"]
[SourceVersion "1"]
[SourceVersionDate "2016.08.29"]
[SourceQuality "1"]
[WhiteTeam "Povazie RSA (U20)"]
[BlackTeam "St Petersburg Spassky (U20)"]
[WhiteTeamCountry "SVK"]
[BlackTeamCountry "RUS"]

1. e4 e5 2. Nf3 Nc6 3. d4 exd4 4. Nxd4 Bc5 5. Be3 Qf6 6. c3 Nge7 7. Qd2 a6 8. Bc4 Qg6 9. f3 Ne5 10. Bb3 0-0 11. Nf5 Nxf5 12. Bxc5 Nh4 13. Kf1 d6 14. Bd4 Nhxf3 15. Qe3 Nxd4 16. cxd4 Qf6+ 17. Qf2 Qxf2+ 18. Kxf2 Ng4+ 19. Ke2 Re8 20. Nd2 Nf6 21. Kd3 Bg4 22. Rhf1 Bh5 23. Rf4 Bg6 24. g4 d5 25. Raf1 Nxe4 26. Bxd5 Ng3+ 0-1

[Event "Liptovsky Mikulas CupT U20"]
[Site "Liptovsky Mikulas"]
[Date "2016.06.22"]
[Round "2.3"]
[White "Taragelova, Martina"]
[Black "Zakharikov, Ivan"]
[Result "1/2-1/2"]
[WhiteElo "1656"]
[BlackElo "1982"]
[PlyCount "87"]
[EventDate "2016.06.21"]
[EventType "team-swiss"]
[EventRounds "8"]
[EventCountry "SVK"]
[SourceTitle "CBM 173 Extra"]
[Source "ChessBase"]
[SourceDate "2016.08.29"]
[SourceVersion "1"]
[SourceVersionDate "2016.08.29"]
[SourceQuality "1"]
[WhiteTeam "Liptov Chess School (U20) II"]
[BlackTeam "St Petersburg Spassky (U20)"]
[WhiteTeamCountry "SVK"]
[BlackTeamCountry "RUS"]

1. e4 d6 2. d4 Nf6 3. Nc3 g6 4. Bg5 Bg7 5. Qd2 c6 6. f3 h6 7. Be3 Nbd7 8. Bc4 b5 9. Bb3 Bb7 10. a3 Qc7 11. Nge2 h5 12. 0-0-0 Nb6 13. Kb1 0-0 14. Bh6 Nc4 15. Bxc4 bxc4 16. Bxg7 Kxg7 17. Rdg1 Rh8 18. h4 Bc8 19. Nf4 e5 20. dxe5 dxe5 21. Nfe2 Be6 22. Qe3 Rab8 23. Ka1 Rb7 24. Rb1 Rhb8 25. Rhd1 Qb6 26. Qxb6 axb6 27. Rd6 Rc8 28. Rbd1 Rd7 29. Rxd7 Nxd7 30. Rd6 Kf8 31. Ng3 Ke7 32. Rd1 Nc5 33. Kb1 b5 34. Nf1 f6 35. Ne3 f5 36. exf5 gxf5 37. Rg1 Rg8 38. Kc1 f4 39. Ned1 Kf6 40. Nf2 Bf5 41. Kd2 Rd8+ 42. Kc1 Rg8 43. Kd2 Rd8+ 44. Kc1 1/2-1/2